| 000 | 00416nam a22001457a 4500 | ||
|---|---|---|---|
| 008 | 131217b xxu||||| |||| 00| 0 eng d | ||
| 020 | _a0909238987 | ||
| 050 | _aSPC DT930.P74 1985 | ||
| 100 |
_aPretorius, Fransjohan _95830 |
||
| 245 | _aThe Anglo-Boer war 1899-1902 | ||
| 260 |
_aCape Town _bDon Nelson _c1985 |
||
| 300 |
_a96p. _c28cm |
||
| 650 |
_aSouth African War 1899-1902 _95831 |
||
| 942 |
_2lcc _cREFERENCE _01 |
||
| 999 |
_c119305 _d119305 |
||